Κατάλογος Βιβλιοθηκών Mediterranean College

The Old Regime and Revolution / Cambridge Introduction to the History of Mankind: Book 7 (Record no. 5628)

MARC details
000 -LEADER
fixed length control field 01652cam a22002054a 4500
005 - ΗΜΕΡΟΜΗΝΙΑ ΚΑΙ ΩΡΑ ΤΕΛΕΥΤΑΙΑΣ ΕΝΗΜΕΡΩΣΗΣ
Πεδίο ελέγχου 20250605164218.0
008 - FIXED-LENGTH DATA ELEMENTS--GENERAL INFORMATION
Πεδίο ελέγχου σταθερού μήκους 250528s ||||||||||||||||||||||||d
035 ## - SYSTEM CONTROL NUMBER
System control number 20529
020 ## - ISBN
ISBN 521204518
040 ## - ΠΗΓΗ ΚΑΤΑΛΟΓΟΓΡΑΦΗΣΗΣ
Φορέας πρωτότυπης καταλογογράφησης MC Athens Campus Library
Γλώσσα καταλογογράφησης Ελληνικά, Μοντέρνα (1453-)
Modifying agency MC Athens Campus Library
Κανόνες περιγραφικής καταλογογράφησης AACR2
245 1# - ΤΙΤΛΟΣ ΚΑΙ ΔΗΛΩΣΗ ΥΠΕΥΘΥΝΟΤΗΤΑΣ
Τίτλος The Old Regime and Revolution / Cambridge Introduction to the History of Mankind: Book 7
260 ## - PUBLICATION, DISTRIBUTION, ETC.
Name of publisher, distributor, etc. Cambridge University Press,
Date of publication, distribution, etc. 1976
300 ## - PHYSICAL DESCRIPTION
Extent 96
505 0# - FORMATTED CONTENTS NOTE
Formatted contents note The Politics of Kings, Royal Zenith, The Balance of Power, Two New Powers, The Culture of Gentlemen, Eighteenth-Century Style, The Seamy Side, The Enlightment, The Enlightened Despots, Europe Overseas, The Rise of the British Empire, A Republic in America, The Great French Revolution, The Constitutional Manarchy, The Revolution Moves on, War, The Terror and the Convention, The Directory, The Consulate, Napoleon's Europe, The Year's of Thriumph, The Nation vof Shopkeepers' and the ''Spanish Ulcer'', Maintaing Mastery, Collapse, Back to the Old Regime.
520 ## - SUMMARY, ETC.
Summary, etc. The Politics of Kings, Royal Zenith, The Balance of Power, Two New Powers, The Culture of Gentlemen, Eighteenth-Century Style, The Seamy Side, The Enlightment, The Enlightened Despots, Europe Overseas, The Rise of the British Empire, A Republic in America, The Great French Revolution, The Constitutional Manarchy, The Revolution Moves on, War, The Terror and the Convention, The Directory, The Consulate, Napoleon's Europe, The Year's of Thriumph, The Nation vof Shopkeepers' and the ''Spanish Ulcer'', Maintaing Mastery, Collapse, Back to the Old Regime.
700 1# - ΠΡΟΣΘΕΤΗ ΑΝΑΓΡΑΦΗ--ΦΥΣΙΚΟ ΠΡΟΣΩΠΟ
Personal name Cairns Trevor
9 (RLIN) 2796
942 ## - ADDED ENTRY ELEMENTS (KOHA)
Koha item type Books
Holdings
Τύπος τεκμηρίου Βιβλιοθήκη Τρέχουσα τοποθεσία Barcode Αριθμός εισαγωγής Ημερομηνία απόκτησης Ταξιθετικό σύμβολο Αριθμός αντιτύπου Κατάσταση απόσυρσης Κατάσταση χαμένου Κατάσταση κατεστραμμένου Μη δανεισμός Σύνολο δανεισμών Ημερομηνία τελευταίας εμφάνισης Η τιμή ισχύει από
Books MC Athens Campus Library MC Athens Campus Library 9780000056276 7007 05/06/2025 944.04 CAI 3           05/06/2025 05/06/2025

MC Athens Campus Library
Πατησίων 94 & Κοδριγκτώνος 13, 104 34
Πελλήνης 8 & Πατησίων 107, 112 51
Τ: +30 210 8899600

MC Thessaloniki Campus Library
Ίωνος Δραγούμη 21, 54625 | Ίωνος Δραγούμη 15, 54625
Τ: +30 2310 287779 – Τ: +30 2314 440300